[Event "2023 US National Elementary K-6 Championship"]
[Site "Baltimore, Maryland, United States"]
[Date "2023.05.12"]
[Round "2.12"]
[White "Zhang, Derek"]
[Black "Radhakrishnan, Sharath"]
[Result "0-1"]
[TimeControl "G/90; d10"]
[WhiteElo "1596"]
[BlackElo "2081"]

1. e4 {[%clk 01:30:00]} e5 {[%clk 01:30:00]} {[%emt 00:00:07]} 2. Nf3 {[%clk
01:30:00]} {[%emt 00:00:03]} Nc6 {[%clk 01:30:00]} {[%emt 00:00:08]} 3. Bb5
{[%clk 01:30:00]} {[%emt 00:00:04]} Nf6 {[%clk 01:29:49]} {[%emt 00:00:22]} 4.
O-O {[%clk 01:30:00]} {[%emt 00:00:06]} d6 {[%clk 01:29:49]} {[%emt 00:00:10]}
5. d4 {[%clk 01:29:21]} {[%emt 00:00:49]} exd4 {[%clk 01:29:49]} {[%emt
00:00:07]} 6. Nxd4 {[%clk 01:29:19]} {[%emt 00:00:12]} Bd7 {[%clk 01:29:47]}
{[%emt 00:00:10]} 7. Bxc6 {[%clk 01:28:52]} {[%emt 00:00:39]} bxc6 {[%clk
01:29:47]} {[%emt 00:00:10]} 8. Re1 {[%clk 01:28:45]} {[%emt 00:00:17]} c5
{[%clk 01:26:29]} {[%emt 00:03:29]} 9. Nf5 {[%clk 01:26:31]} {[%emt 00:02:24]}
g6 {[%clk 01:24:39]} {[%emt 00:01:58]} 10. Bg5 {[%clk 01:23:39]} {[%emt
00:03:04]} h6 {[%clk 01:16:13]} {[%emt 00:08:34]} 11. Bh4 {[%clk 01:23:39]}
{[%emt 00:00:09]} g5 {[%clk 01:15:43]} {[%emt 00:00:40]} 12. Bg3 {[%clk
01:23:39]} {[%emt 00:00:05]} h5 {[%clk 01:10:51]} {[%emt 00:05:00]} 13. e5
{[%clk 01:23:39]} {[%emt 00:00:11]} Bxf5 {[%clk 01:10:01]} {[%emt 00:01:00]} 14.
exf6+ {[%clk 01:22:20]} {[%emt 00:01:28]} Be6 {[%clk 01:10:01]} {[%emt
00:00:08]} 15. Qd5 {[%clk 01:22:14]} {[%emt 00:00:16]} Kd7 {[%clk 01:09:18]}
{[%emt 00:00:53]} 16. Qxg5 {[%clk 01:22:03]} {[%emt 00:00:20]} Bh6 {[%clk
01:09:11]} {[%emt 00:00:15]} 17. Qh4 {[%clk 01:21:21]} {[%emt 00:00:54]} Rg8
{[%clk 01:08:00]} {[%emt 00:01:18]} 18. Qa4+ {[%clk 01:20:24]} {[%emt
00:01:10]} c6 {[%clk 01:04:58]} {[%emt 00:03:12]} 19. Nc3 {[%clk 01:20:01]}
{[%emt 00:00:32]} Rg4 {[%clk 00:53:40]} {[%emt 00:11:27]} 20. Ne4 {[%clk
01:18:42]} {[%emt 00:01:29]} h4 {[%clk 00:47:34]} {[%emt 00:06:16]} 21. Nxc5+
{[%clk 01:18:27]} {[%emt 00:00:25]} dxc5 {[%clk 00:46:26]} {[%emt 00:01:18]} 22.
Rad1+ {[%clk 01:18:27]} {[%emt 00:00:09]} Rd4 {[%clk 00:46:22]} {[%emt
00:00:14]} 23. c3 {[%clk 01:16:56]} {[%emt 00:01:41]} hxg3 {[%clk 00:44:06]}
{[%emt 00:02:26]} 24. hxg3 {[%clk 01:15:41]} {[%emt 00:01:26]} Rd2 {[%clk
00:41:48]} {[%emt 00:02:29]} 25. Qh4 {[%clk 01:12:45]} {[%emt 00:03:05]} Kc7
{[%clk 00:41:01]} {[%emt 00:00:57]} 26. Qh5 {[%clk 01:08:47]} {[%emt 00:04:08]}
Qd5 {[%clk 00:40:08]} {[%emt 00:00:59]} 27. Qxd5 {[%clk 01:04:39]} {[%emt
00:04:23]} cxd5 {[%clk 00:39:58]} {[%emt 00:00:21]} 28. f4 {[%clk 01:03:25]}
{[%emt 00:01:24]} Rxd1 {[%clk 00:36:35]} {[%emt 00:03:33]} 29. Rxd1 {[%clk
01:03:25]} {[%emt 00:00:05]} Kd6 {[%clk 00:36:34]} {[%emt 00:00:11]} 30. Kf2
{[%clk 01:02:39]} {[%emt 00:00:55]} Rb8 {[%clk 00:35:52]} {[%emt 00:00:53]} 31.
b3 {[%clk 01:02:27]} {[%emt 00:00:22]} a5 {[%clk 00:35:35]} {[%emt 00:00:28]}
32. Rh1 {[%clk 01:01:41]} {[%emt 00:00:56]} Bf8 {[%clk 00:35:25]} {[%emt
00:00:17]} 33. Rh5 {[%clk 01:01:14]} {[%emt 00:00:41]} a4 {[%clk 00:35:10]}
{[%emt 00:00:26]} 34. bxa4 {[%clk 01:00:58]} {[%emt 00:00:26]} d4 {[%clk
00:34:24]} {[%emt 00:00:55]} 35. cxd4 {[%clk 01:00:29]} {[%emt 00:00:40]} cxd4
{[%clk 00:34:24]} {[%emt 00:00:09]} 36. a5 {[%clk 00:58:46]} {[%emt 00:01:54]}
Rb2+ {[%clk 00:33:55]} {[%emt 00:00:39]} 37. Ke1 {[%clk 00:58:33]} {[%emt
00:00:22]} d3 {[%clk 00:33:46]} {[%emt 00:00:20]} 38. Kd1 {[%clk 00:56:04]}
{[%emt 00:02:38]} Bg4+ {[%clk 00:33:37]} {[%emt 00:00:19]} 39. Kc1 {[%clk
00:55:58]} {[%emt 00:00:16]} Rc2+ {[%clk 00:33:37]} {[%emt 00:00:09]} 40. Kb1
{[%clk 00:55:58]} {[%emt 00:00:04]} Bxh5 {[%clk 00:33:37]} {[%emt 00:00:09]} 41.
a6 {[%clk 00:55:58]} {[%emt 00:00:04]} Rc8 {[%clk 00:33:37]} {[%emt 00:00:06]}
42. a7 {[%clk 00:55:58]} {[%emt 00:00:10]} d2 {[%clk 00:33:37]} {[%emt
00:00:09]} 43. g4 {[%clk 00:55:56]} {[%emt 00:00:12]} d1=Q+ {[%clk 00:33:37]}
{[%emt 00:00:10]} 44. Kb2 {[%clk 00:55:56]} {[%emt 00:00:03]} Qc2+ {[%clk
00:33:08]} {[%emt 00:00:38]} 45. Ka3 {[%clk 00:55:56]} {[%emt 00:00:08]} Kc6#
{[%clk 00:33:00]} {[%emt 00:00:18]} 0-1

[Event "2023 US National Elementary K-6 Championship"]
[Site "Baltimore, Maryland, United States"]
[Date "2023.05.12"]
[Round "2.7"]
[White "Poosala, Lalith"]
[Black "Soni, Arjun"]
[Result "0-1"]
[TimeControl "G/90; d10"]
[WhiteElo "1607"]
[BlackElo "2013"]

1. e4 {[%clk 01:30:00]} {[%emt 00:00:01]} e5 {[%clk 01:29:31]} {[%emt
00:00:39]} 2. Nf3 {[%clk 01:29:53]} {[%emt 00:00:18]} Nc6 {[%clk 01:29:31]}
{[%emt 00:00:08]} 3. Bc4 {[%clk 01:29:37]} {[%emt 00:00:26]} Bc5 {[%clk
01:29:31]} {[%emt 00:00:06]} 4. O-O {[%clk 01:29:15]} {[%emt 00:00:32]} Nf6
{[%clk 01:29:31]} {[%emt 00:00:08]} 5. Nc3 {[%clk 01:28:58]} {[%emt 00:00:27]}
d6 {[%clk 01:29:01]} {[%emt 00:00:41]} 6. h3 {[%clk 01:28:50]} {[%emt
00:00:18]} a6 {[%clk 01:28:49]} {[%emt 00:00:22]} 7. a4 {[%clk 01:28:15]}
{[%emt 00:00:45]} Be6 {[%clk 01:28:27]} {[%emt 00:00:32]} 8. Nd5 {[%clk
01:26:28]} {[%emt 00:01:56]} Nxe4 {[%clk 01:23:11]} {[%emt 00:05:26]} 9. d3
{[%clk 01:25:53]} {[%emt 00:00:44]} Nf6 {[%clk 01:21:37]} {[%emt 00:01:44]} 10.
Bg5 {[%clk 01:24:48]} {[%emt 00:01:16]} Bxd5 {[%clk 01:13:07]} {[%emt
00:08:40]} 11. Bxd5 {[%clk 01:23:39]} {[%emt 00:01:19]} h6 {[%clk 01:12:14]}
{[%emt 00:01:03]} 12. Bxf6 {[%clk 01:23:17]} {[%emt 00:00:31]} Qxf6 {[%clk
01:12:11]} {[%emt 00:00:14]} 13. Re1 {[%clk 01:21:42]} {[%emt 00:00:49]} O-O
{[%clk 01:11:32]} {[%emt 00:01:43]} 14. c3 {[%clk 01:21:05]} {[%emt 00:00:47]}
Ba7 {[%clk 01:08:57]} {[%emt 00:02:46]} 15. b4 {[%clk 01:18:40]} {[%emt
00:02:36]} Nd8 {[%clk 01:05:19]} {[%emt 00:03:48]} 16. Re4 {[%clk 01:15:49]}
{[%emt 00:03:01]} c6 {[%clk 01:03:59]} {[%emt 00:01:30]} 17. Bb3 {[%clk
01:15:08]} {[%emt 00:00:50]} Ne6 {[%clk 00:58:47]} {[%emt 00:05:22]} 18. g3
{[%clk 01:12:36]} {[%emt 00:02:42]} d5 {[%clk 00:42:49]} {[%emt 00:16:09]} 19.
Re1 {[%clk 01:09:05]} {[%emt 00:03:40]} Ng5 {[%clk 00:42:05]} {[%emt 00:00:54]}
20. Kg2 {[%clk 01:08:21]} {[%emt 00:00:55]} Bxf2 {[%clk 00:33:33]} {[%emt
00:08:42]} 21. Kxf2 {[%clk 01:07:10]} {[%emt 00:01:21]} e4 {[%clk 00:33:33]}
{[%emt 00:00:08]} 22. dxe4 {[%clk 01:05:17]} {[%emt 00:02:03]} dxe4 {[%clk
00:33:01]} {[%emt 00:00:42]} 23. h4 {[%clk 01:04:45]} {[%emt 00:00:42]} Nxf3
{[%clk 00:32:44]} {[%emt 00:00:28]} 24. Rxe4 {[%clk 01:01:03]} {[%emt
00:03:51]} Ng5+ {[%clk 00:32:36]} {[%emt 00:00:17]} 25. Rf4 {[%clk 00:58:37]}
{[%emt 00:02:38]} Nh3+ {[%clk 00:32:36]} {[%emt 00:00:02]} 26. Kg2 {[%clk
00:58:18]} {[%emt 00:00:29]} Nxf4+ {[%clk 00:32:36]} {[%emt 00:00:06]} 27. gxf4
{[%clk 00:56:41]} {[%emt 00:01:46]} Qxf4 {[%clk 00:32:30]} {[%emt 00:00:17]} 28.
Qc2 {[%clk 00:55:16]} {[%emt 00:01:35]} Qg4+ {[%emt 00:00:25]} 29. Kf2 {[%clk
00:54:35]} {[%emt 00:00:47]} Qxh4+ {[%clk 00:32:16]} {[%emt 00:00:13]} 30. Kg2
{[%clk 00:54:24]} {[%emt 00:00:21]} Qg5+ {[%clk 00:32:16]} {[%emt 00:00:08]} 31.
Kf2 {[%clk 00:53:59]} {[%emt 00:00:34]} Rad8 {[%clk 00:32:15]} {[%emt
00:00:11]} 32. Ra2 {[%clk 00:52:18]} {[%emt 00:01:53]} Rd6 {[%clk 00:31:28]}
{[%emt 00:00:51]} 33. Qb1 {[%clk 00:51:32]} {[%emt 00:01:02]} Rf6+ {[%clk
00:31:24]} {[%emt 00:00:13]} 34. Ke1 {[%clk 00:51:28]} {[%emt 00:00:14]} Qg1+
{[%clk 00:31:22]} {[%emt 00:00:12]} 35. Kf1 {[%emt 00:00:34]} 0-1